Tổng tập văn học Việt Nam Hội đồng biên tập, tổn tập văn học Việt Nam T.31 / Hồng Chương tổng chủ biên phần Văn học CM; Phong Châu; Ninh Viết Giao, chủ biên;
Nghiên cứu giới thiệu một số tác giả, tác phẩm văn, thơ trước Cách mạng tháng Tám năm 1945; Như các tác giả: Nguyễn Đức Cảnh, Trần Lung, Hồ Tùng Mậu...
Spremljeno u:
| Glavni autor: | |
|---|---|
| Daljnji autori: | , , |
| Format: | Knjiga |
| Jezik: | Vietnamese |
| Izdano: |
H.
Khoa học xã hội
1981
|
| Teme: | |
| Oznake: |
Dodaj oznaku
Bez oznaka, Budi prvi tko označuje ovaj zapis!
|
| Thư viện lưu trữ: | Mạng thư viện Đại học Đà Nẵng |
|---|
| LEADER | 01744nam a2200421 4500 | ||
|---|---|---|---|
| 001 | 000005295 | ||
| 003 | 1439 | ||
| 005 | 20110817100858.0 | ||
| 008 | 110815s1981 viesd | ||
| 020 | |c 24000 | ||
| 041 | 0 | |a vie | |
| 082 | |a 895.922 |b TON | ||
| 100 | 0 | |a Đinh Gia Khánh | |
| 245 | 1 | 0 | |a Tổng tập văn học Việt Nam |b Hội đồng biên tập, tổn tập văn học Việt Nam |c Chủ tịch hội đồng biên tập: Đinh Gia Khánh |n T.31 / Hồng Chương tổng chủ biên phần Văn học CM; Phong Châu; Ninh Viết Giao, chủ biên; |
| 260 | |a H. |b Khoa học xã hội |c 1981 | ||
| 300 | |a 738 tr, ảnh |c 24cm | ||
| 520 | |a Nghiên cứu giới thiệu một số tác giả, tác phẩm văn, thơ trước Cách mạng tháng Tám năm 1945; Như các tác giả: Nguyễn Đức Cảnh, Trần Lung, Hồ Tùng Mậu... | ||
| 653 | |a nghiên cứu văn học | ||
| 653 | |a Thơ | ||
| 653 | |a Nhà văn | ||
| 653 | |a Việt Nam | ||
| 653 | |a Văn xuôi | ||
| 653 | |a Văn học cách mạng | ||
| 700 | |a Hồng Chương |e Tổng chủ biên | ||
| 700 | |a Phong Châu |e Chủ biên | ||
| 700 | |a Ninh Viết Giao |e Sưu tầm | ||
| 773 | |t Tổng tập văn học Việt Nam |w 1434 | ||
| 910 | |a Huỳnh Thị Cẩm Lai |d 15/08/2011 | ||
| OWN | |a LSP | ||
| AVA | |a UDN50 |b LSP |d 895.922 TON |e available |t Error 5001 Not defined in file expand_doc_bib_avail. |f 3 |g 1 |h N |i 0 |k 1 | ||
| 999 | |a From the UDN01 | ||
| AVA | |a UDN50 |b LSP |d 895.922 TON |e available |t Error 5001 Not defined in file expand_doc_bib_avail. |f 3 |g 1 |h N |i 0 |k 1 | ||
| TYP | |a Monograph | ||
| TYP | |a Printed language | ||
| 980 | |a Mạng thư viện Đại học Đà Nẵng | ||